Úloha cirkvi je nezastupiteľná

Rozhovor s arcibiskupom Mons. Jánom Sokolom, metropolitom Slovenska o katolíckej cirkvi na Slovensku, jej poslaní a úlohe. Pastoračná činnosť na Slovensku, zriaďovanie cirkevných škôl, výstavba a údržba kostolov. Pokračovanie ekumenizácie cirkvi v našich podmienkach.

Na minha lista:
Detalhes bibliográficos
Autor principal: Sokol, J.
Outros Autores: Simonidesová, V.
Formato: Capítulo de Livro
Idioma:eslovaco
Assuntos:
Tags: Adicionar Tag
Sem tags, seja o primeiro a adicionar uma tag!

MARC

LEADER 00000naa a2200000 4500
001 r017816
005 20221213101426.6
041 0 |a slo 
044 |a SK 
245 1 0 |a Úloha cirkvi je nezastupiteľná  |c J. Sokol, V. Simonidesová 
520 |a Rozhovor s arcibiskupom Mons. Jánom Sokolom, metropolitom Slovenska o katolíckej cirkvi na Slovensku, jej poslaní a úlohe. Pastoračná činnosť na Slovensku, zriaďovanie cirkevných škôl, výstavba a údržba kostolov. Pokračovanie ekumenizácie cirkvi v našich podmienkach. 
610 2 0 |a cirkev 
610 2 0 |a Slovensko 
610 2 0 |a náboženstvo 
610 2 0 |a pedagogika 
610 2 0 |a politika cirkevná 
100 1 |a Sokol, J. 
700 1 |a Simonidesová, V.